00438nam a2200181Ia 4500001000900000003000500009005001700014008004100031010001100072040000900083082001300092100002300105245005100128260002200179300001100201400002500212650001900237dia_2027CHAP20251023161338.0220117s1983 xx 000 0 und d a172565 cCHAP a634.8 A5 aAmat Llabres, Juan aEl Cultivo de la Vid /c por Juan Amat Llabres a:b Sintes,c1983 a264 p. aBIBLIOTECA NATURISTA a1.Vidxcultivo